Statistics for UK Train Operators that have Turbos

Click here to take the quiz!

General Stats

  • This quiz has been taken 10 times
  • The average score is 7 of 8

Answer Stats

OperatesAnswer% Correct
170CrossCountry
100%
165, 166Great Western Railway
100%
170ScotRail
100%
172West Midlands Trains
100%
165, 168Chiltern Railways
89%
171Govia Thameslink Railway
89%
170Northern
89%
170East Midlands Railway
78%

Score Distribution

Percentile by Number Answered

Percent of People with Each Score

Your Score History

You have not taken this quiz